Fiscal year 1992 foreign assistance request for the Western Hemisphere : hearings before the Subcommittee on Western Hemisphere and Peace Corps Affairs of the Committee on Foreign Relations, United States Senate, One Hundred Second Congress, first session, April 18 and 25, 1991.

Bibliographic Details
Corporate Authors: United States. Congress. Senate. Committee on Foreign Relations. Subcommittee on Western Hemisphere and Peace Corps Affairs, ProQuest (Firm)
Format: Government Document eBook
Language:English
Published: Washington : U.S. G.P.O., 1991.
Series:U.S. Congressional Hearings.
Subjects:
Online Access:Connect to the full text of this electronic book

MARC

Tag First Indicator Second Indicator Subfields
LEADER 00000cam a22000001a 4500
001 in00003290568
005 20190404185807.0
006 m d f
007 cr bn mmmapmmp
008 091022s1991 dcua ob f000 0 eng d
035 |a cis2007459333 
040 |a UMI  |c UMI  |d UtOrBLW 
043 |a n-us--- 
074 |a 1039-A, 1039-B (MF) 
086 0 |a Y 4.F 76/2:S.hrg.102-131 
099 |a HRG-1991-FOR-0014 
110 1 |a United States.  |b Congress.  |b Senate.  |b Committee on Foreign Relations.  |b Subcommittee on Western Hemisphere and Peace Corps Affairs. 
245 1 0 |a Fiscal year 1992 foreign assistance request for the Western Hemisphere :  |b hearings before the Subcommittee on Western Hemisphere and Peace Corps Affairs of the Committee on Foreign Relations, United States Senate, One Hundred Second Congress, first session, April 18 and 25, 1991. 
264 1 |a Washington :  |b U.S. G.P.O.,  |c 1991. 
300 |a 1 online resource. 
336 |a text  |b txt  |2 rdacontent 
337 |a computer  |b c  |2 rdamedia 
338 |a online resource  |b cr  |2 rdacarrier 
490 1 |a S. hrg. ;  |v 102-131 
500 |a Record is based on bibliographic data in ProQuest Congressional Hearings Digital Collection. Reuse except for individual research requires license from ProQuest, LLC. 
504 |a Includes bibliographical references. 
538 |a System requirements: PDF reader software. 
500 |a Electronic resource. 
650 0 |a Economic assistance, American  |z Western Hemisphere. 
650 0 |a International relations. 
651 0 |a United States  |x Appropriations and expenditures, 1992. 
655 7 |a Electronic books.  |2 local 
710 2 |a ProQuest (Firm) 
776 0 8 |i Print version:  |a United States. Congress. Senate. Committee on Foreign Relations. Subcommittee on Western Hemisphere and Peace Corps Affairs  |t Fiscal year 1992 foreign assistance request for the Western Hemisphere  |w (DGPO)91086237  |w (OCoLC)24451488 
776 0 8 |i Microfiche version:  |a United States. Congress. Senate. Committee on Foreign Relations. Subcommittee on Western Hemisphere and Peace Corps Affairs  |t Fiscal year 1992 foreign assistance request for the Western Hemisphere.  |d [Bethesda, Md.] : ProQuest,[2004]  |o CIS 91 S381-40  |w (ProQuest)cis09102370 
810 1 |a United States.  |b Congress.  |b Senate.  |t S. hrg. ;  |v 102-131. 
830 0 |a U.S. Congressional Hearings. 
856 4 0 |u http://proxy.library.tamu.edu/login?url=http://congressional.proquest.com/congcomp/getdoc?HEARING-ID=HRG-1991-FOR-0014  |z Connect to the full text of this electronic book  |t 0 
998 |a cis09102370 
999 |a MARS 
999 f f |s 6ce87a8a-3b94-30cd-83e6-ff730177aec0  |i c85e386e-2925-3eb7-abc6-20ad968d452f  |t 0 
952 f f |a Texas A&M University  |b College Station  |c Electronic Resources  |d Available Online  |t 0  |e HRG-1991-FOR-0014  |h Other scheme 
998 f f |a HRG-1991-FOR-0014  |t 0  |l Available Online